Watford skład 20/21 - Statystyki

Ogólne statystyki
  • Ten quiz został rozwiązany 8 razy
  • Średni wynik to 7 z 23
Statystyki odpowiedzi
Pozycja Zawodnik % Poprawnych
Napastnik Sarr
75%
Bramkarz Foster
63%
Napastnik Deeney
50%
Napastnik Gray
50%
Pomocnik Chalobah
38%
Obrońca Femenia
38%
Pomocnik Hughes
38%
Obrońca Kabasele
38%
Obrońca Masina
38%
Bramkarz Bachmann
25%
Obrońca Cathcart
25%
Pomocnik Cleverley
25%
Obrońca Navarro
25%
Obrońca Ngakia
25%
Napastnik Pedro
25%
Napastnik Perica
25%
Pomocnik Sema
25%
Napastnik Success
25%
Obrońca Troost-Ekong
25%
Obrońca Wilmot
25%
Pomocnik Gosling
13%
Pomocnik Sanchez
13%
Napastnik Zinckernagel
13%
Nie znaleziono quizów pasujących do podanych kryteriów
Rozkład punktacji
Procent ludzi z każdym wynikiem
Percentyl według liczby udzielonych odpowiedzi
Twoja historia wyników
Nie rozwiązałeś tego quizu